| 000 | 01578nam a22003377a 4500 | ||
|---|---|---|---|
| 999 |
_c64458 _d64458 |
||
| 005 | 20240530110732.0 | ||
| 008 | 180514s2007 ua a g 000 0 ara d | ||
| 017 |
_bمصر. دار الكتب _a2007/14466 |
||
| 040 |
_aEG-CaGPL _cEG-CaGPL |
||
| 082 | 0 | 4 |
_221 _a001.5094 / _bو ت |
| 100 | 1 | _aوالد، اندرياس | |
| 245 | 1 | 0 |
_aتجارب الاعلام المرئى والمسموع فى اوروبا / _cانرياس جرن والد ... [واخ] ؛ تقديم احمد حسو ؛ مراجعة وتحرير الترجمة اشرف راضى ؛ ترجمة حازم سالم ؛ ساهم فى الترجمة عبدالغنى محفوظ |
| 250 | _aط.1 | ||
| 260 |
_aالقاهرة : _bمركز القاهرة لدراسات حقوق الانسان ، _c2007. |
||
| 300 |
_a423 ص. ؛ _c24 سم. |
||
| 490 | 0 |
_aسلسلة قضايا الاصلاح ؛ _v14. |
|
| 650 | 0 | 7 |
_2qrmak _aوسائل الاعلام |
| 650 | 0 | 7 |
_2qrmak _aالاعلام _xفلسفة ونظريات |
| 650 | 0 | 7 |
_2qrmak _aالوعى الاجتماعى |
| 650 | 0 | 7 |
_2qrmak _aالاعلام _zاوربا |
| 651 | _2qrmak | ||
| 700 | 1 |
_aوود، ديقيد _eمؤلف مشارك |
|
| 700 | 1 |
_aريبكوفا، ايفا _eمؤلف مشارك |
|
| 700 | 1 |
_aثومبسون، مارك _eمؤلف مشارك |
|
| 700 | 0 |
_aاحمد حسو _eمقدم |
|
| 700 | 0 |
_aاشرف راضى _eمراجع ومحرر ومترجم |
|
| 700 | 0 |
_aحازم سالم _eمترجم |
|
| 700 | 0 |
_aعبدالغنى محفوظ _eمترجم مشارك |
|
| 942 |
_2ddc _cBK |
||